| 000 -ლიდერი |
| ფიქსირებული სიგრძის საკონტროლო ველი |
01394nam a22002297a 4500 |
| 003 - საკონტროლო ნომრის იდენტიფიკატორი |
| საკონტროლო ველი |
Ge_BSU |
| 005 - ბოლო ოპერაციის თარიღი და დრო |
| საკონტროლო ველი |
20260407153937.0 |
| 008 - ფიქსირებული სიგრძის მონაცემთა ელემენტები - ზოგადი ინფორმაცია |
| ფიქსირებული სიგრძის საკონტროლო ველი |
260407s2024 ge ||||| |||| 00| 0 geo d |
| 020 ## - წიგნის საერთაშორისო სტანდარტული ნომერი |
| International Standard Book Number |
9789941345685 |
| 041 ## - ენის კოდი |
| Language code of text/sound track or separate title |
geo |
| 080 ## - უნივერსალური ათობითი კლასიფიკაციის ინდექსი |
| Universal Decimal Classification number |
372.881.135.31 : 372.882.1 ჯ-48 |
| 100 ## - მთავარი ჩანაწერი - პიროვნების სახელი |
| Personal name |
ჯინჯიხაძე, ლევან |
| 9 (RLIN) |
27272 |
| 245 ## - ცნობა სათაურის შესახებ |
| Title |
ქართული ენისა და ლიტერატურის ინტეგრირებული სწავლების მეთოდიკა და ტექნოლოგია : |
| Remainder of title |
(I-VI კლასები) / |
| Statement of responsibility, etc |
ლევან ჯინჯიხაძე; რედ. ნათელა მაღლაკელიძე; სოხუმის სახელმწიფო უნივერსიტეტი. |
| 250 ## - გამოცემის ცნობა |
| Edition statement |
მეორე გამოცემა, შევსებული და შესწორებული |
| 264 ## - წარმოების, გამოცემის, დისტრიბუციის და სხვა ცნობები |
| გამოცემის, წარმოების, დისტრიბუციის... ადგილი |
თბილისი : |
| გამოცემის, წარმოების, დისტრიბუციის... სახელწოდება |
მერიდიანი, |
| გამოცემის, წარმოების, დისტრიბუციის... თარიღი |
2024. |
| 300 ## - ფიზიკური აღწერა |
| Extent |
356 გვ.; |
| Other physical details |
21 სმ. |
| 504 ## - BIBLIOGRAPHY, ETC. NOTE |
| Bibliography, etc |
ბიბლიოგრ. გვ. 348-354 |
| 653 ## - INDEX TERM--UNCONTROLLED |
| Uncontrolled term |
ქართული ენა |
| 700 ## - ADDED ENTRY--PERSONAL NAME |
| Personal name |
მაღლაკელიძე, ნათელა |
| Relator term |
რედაქტორი |
| 9 (RLIN) |
27273 |
| 710 ## - ADDED ENTRY--CORPORATE NAME |
| Corporate name or jurisdiction name as entry element |
სოხუმის სახელმწიფო უნივერსიტეტი |
| 9 (RLIN) |
27274 |
| 942 ## - ADDED ENTRY ELEMENTS (KOHA) |
| Source of classification or shelving scheme |
|
| Koha item type |
წიგნი |